000 01500nam a2200325 4500
003 EC-UNACH
005 20251015123630.0
006 s||||gr|||| 00| 00
008 150116t9999 mx r gr 000 0 spa d
020 _a978-987-591-294-6
040 _aEC-UNACH
_cEC-UNACH
041 _aspa
082 0 4 _223
_a571.6
_bL011645
110 _aEditorial Brujas
245 _aBiología celular en las ciencias agropecuarias
250 _aPrimera edición
264 _aArgentina
_bEditorial Brujas
_c2013
300 _a308 páginas
_bTablas
505 _a ÍNDICE. -- I. MÉTODO CIENTÍFICO. -- II. FUNDAMENTOS DE LA BIOLOGÍA CELULAR MODERNA. -- III. COMPONENTES QUÍMICOS CELULARES. -- IV. CARACTERÍSTICAS DE LAS CÉLULAS. -- V. MEMBRANA PLASMÁTICA. -- VI. SISTEMA DE ENDOMEMBRANAS. -- VII. ORGÁNULOS CELULARES CON FUNCIONES ESPECÍFICAS. -- VIII. ORGÁNULOS DE CONVERSIÓN ENERGÉTICA. -- IX. CITOESQUELETO. -- X. UNIONES DE LAS CÉLULAS ENTRE SÍ Y CON LA MATRIZ EXTRACELULAR. -- XI. PARED CELULAR. -- XII. NÚCLEO CELULAR. -- XII. CICLO CELULAR. -- XIV. CONCEPTOS BÁSICOS DE BIOTECNOLOGÍA.
650 _aBIOELEMENTOS Y BIOMOLÉCULAS
650 _aRETÍCULO ESDOSPLÁSMICO
650 _aENVOLTURA NUCLEAR
700 _aAlejandra Pérez, María
700 _aDaniel García, Sergio
700 _aKopp, Sandra
942 _c1
_2ddc
999 _c14010